000 00659nam a2200241Ia 4500
003 OSt
005 20221007074202.0
006 a|||||r|||| 00| 0
007 ta
008 221006b |||||||| |||| 00| 0 eng d
024 _a18,672
037 _cTextual
040 _aFLL
_cFLL
_beng
041 _2eng
_aeng
082 _aZ1,2673, L5.1
100 _aLadas Stephen P.
245 0 _aPatents, trademarks, and related rights
260 _aMassachusetts
_bHarvard University Press Massachusetts
_c1975
300 _a823p
_ccm.
490 _vVol. 1
942 _hZ1,2673, L5.1
_cTEXL
_2CC
999 _c1151465
_d1151465